[Event "Druga liga Srbije- Grupa Vojvodina 2014"]
[Site "Kac, hotel "]
[Date "2014.11.15"]
[Round "11.4"]
[White "Vukovic, Miroslav R"]
[Black "Brajic, Djordje"]
[Result "0-1"]
[WhiteElo "2183"]
[BlackElo "2267"]
[PlyCount "104"]
[EventDate "2014.11.08"]

1. e4 e5 2. Nf3 Nc6 3. Bc4 Nf6 4. d3 h6 5. O-O d6 6. c3 Be7 7. Re1 O-O 8. Nbd2
Na5 9. Bb5 a6 10. Ba4 b5 11. Bc2 c5 12. Nf1 Kh7 13. Ng3 g6 14. h3 Re8 15. a4 c4
16. axb5 axb5 17. b4 cxb3 18. Bxb3 Be6 19. Bxe6 fxe6 20. Rb1 Rb8 21. c4 bxc4
22. Rxb8 Qxb8 23. Qd2 Bf8 24. Qxa5 d5 25. Qd2 c3 26. Qe3 d4 27. Nxd4 exd4 28.
Qxd4 e5 29. Qc4 Qb4 30. Qc6 Bc5 31. Nf5 Qb6 32. Qxb6 Bxb6 33. Nxh6 Rf8 34. Kh1
Nh5 35. Ng4 Ng3+ 36. Kg1 c2 37. Bd2 Bd4 38. Ne3 Bc3 39. Bxc3 Ne2+ 40. Kf1 c1=Q
41. Rxc1 Nxc1 42. Bxe5 Nxd3 43. Bg3 Nc5 44. f3 Nxe4 45. Be5 Re8 46. Ng4 Rf8 47.
Ke2 Nc5 48. Ke3 Rf5 49. Bc3 Nd7 50. h4 Nb6 51. Ke4 Nc4 52. Nf6+ Kg7 0-1

[Event "Druga liga Srbije- Grupa Vojvodina 2014"]
[Site "Kac, hotel "]
[Date "2014.11.15"]
[Round "11.4"]
[White "Perisic, Radivoj"]
[Black "Tomic, Vjekoslav"]
[Result "1-0"]
[WhiteElo "2323"]
[BlackElo "2237"]
[PlyCount "81"]
[EventDate "2014.11.08"]

1. e4 c5 2. Nf3 d6 3. d4 cxd4 4. Nxd4 Nf6 5. Nc3 a6 6. Bg5 e6 7. f4 Be7 8. Qf3
Nbd7 9. Bc4 Nb6 10. Bb3 Qc7 11. f5 Nc4 12. O-O-O Bd7 13. Qh3 Qc5 14. Kb1 e5 15.
Nde2 Bc6 16. Bxf6 gxf6 17. Qh6 b5 18. Ng3 a5 19. Nh5 a4 20. Bxc4 Qxc4 21. Nxf6+
Kd8 22. Nfd5 Bxd5 23. Nxd5 Ra6 24. Qg7 Re8 25. f6 Bf8 26. Qxf7 Qc5 27. a3 Ra7
28. Qh5 Qc6 29. Qf5 Qd7 30. Qf3 Qe6 31. c3 Kd7 32. g4 Bh6 33. h4 Bf4 34. g5 Rb7
35. Rd3 Rg8 36. Ne7 Rgb8 37. Nd5 Rc8 38. Rhd1 Rc6 39. Nxf4 exf4 40. Qxf4 Rbb6
41. f7 1-0

[Event "Druga liga Srbije- Grupa Vojvodina 2014"]
[Site "Kac, hotel "]
[Date "2014.11.15"]
[Round "11.4"]
[White "Curakovic, Dragan"]
[Black "Strbac, Mladen"]
[Result "0-1"]
[WhiteElo "2140"]
[BlackElo "2298"]
[PlyCount "36"]
[EventDate "2014.11.08"]

1. e4 e6 2. d4 d5 3. Nd2 Nf6 4. e5 Nfd7 5. Bd3 c5 6. c3 Nc6 7. Ndf3 cxd4 8.
cxd4 f6 9. exf6 Nxf6 10. Ne2 Bd6 11. O-O Qc7 12. Ng3 O-O 13. Re1 e5 14. dxe5
Nxe5 15. Be2 Neg4 16. Bg5 Nxf2 17. Kxf2 Qb6+ 18. Kf1 Ng4 0-1

[Event "Druga liga Srbije- Grupa Vojvodina 2014"]
[Site "Kac, hotel "]
[Date "2014.11.15"]
[Round "11.5"]
[White "Stojanovic, Dalibor"]
[Black "Indjic, Aleksandar"]
[Result "1/2-1/2"]
[WhiteElo "2504"]
[BlackElo "2538"]
[PlyCount "199"]
[EventDate "2014.11.08"]

1. e4 c5 2. Nf3 d6 3. Bb5+ Nd7 4. c3 Ngf6 5. Qe2 a6 6. Ba4 e6 7. O-O Be7 8. d4
b5 9. Bc2 Bb7 10. Re1 cxd4 11. cxd4 Nb6 12. Nbd2 Rc8 13. Bd3 Na4 14. Nf1 O-O
15. Ng3 Nd7 16. Nd2 g6 17. Nb3 e5 18. d5 Ndc5 19. Nxc5 Nxc5 20. Bh6 Re8 21. Qd2
Nxd3 22. Qxd3 Bg5 23. Bxg5 Qxg5 24. a4 bxa4 25. Rxa4 Rc1 26. Ra1 Rxe1+ 27. Rxe1
Rc8 28. Qb3 Rc1 29. Rxc1 Qxc1+ 30. Nf1 Qc7 31. h3 Bc8 32. Ne3 Bd7 33. Qa3 Bb5
34. Ng4 h5 35. Ne3 Qc1+ 36. Kh2 Qe1 37. Qxd6 Qxf2 38. Qd8+ Kg7 39. Nf5+ gxf5
40. Qg5+ Kf8 41. Qd8+ Be8 42. Qd6+ Kg8 43. Qd8 Qf4+ 44. Kh1 fxe4 45. Qxe8+ Kg7
46. Qa4 e3 47. Qd1 Kh6 48. d6 Qf2 49. d7 e2 50. Qxe2 Qxe2 51. d8=Q Qf1+ 52. Kh2
Qf4+ 53. Kh1 Kg7 54. b4 Qf1+ 55. Kh2 Qf6 56. Qd3 Qf4+ 57. Kh1 Qxb4 58. Qg3+ Kf6
59. Qf3+ Ke6 60. Qxh5 a5 61. Qh8 e4 62. Qe8+ Kf6 63. Qd8+ Ke5 64. Qc7+ Kd4 65.
Qa7+ Kd3 66. Qd7+ Kc2 67. Qxf7 e3 68. Qa2+ Kd1 69. Qa1+ Ke2 70. Qa2+ Qd2 71.
Qc4+ Ke1 72. Qh4+ Qf2 73. Qd4 Qd2 74. Qh4+ Kd1 75. Qa4+ Qc2 76. Qd4+ Ke2 77.
Qg4+ Kd2 78. Qd4+ Qd3 79. Qb2+ Ke1 80. Kg1 Qf1+ 81. Kh2 Qf4+ 82. Kh1 Qd6 83.
Kg1 a4 84. Qc1+ Ke2 85. Qc4+ Qd3 86. Qg4+ Kd2 87. Qxa4 e2 88. Qa2+ Qc2 89. Qd5+
Ke1 90. Qd4 Qb3 91. h4 Qc2 92. h5 Qc1 93. g4 Qa3 94. Kg2 Qa8+ 95. Kg3 Qb8+ 96.
Kg2 Qb7+ 97. Kg3 Qc7+ 98. Kg2 Qc6+ 99. Kg3 Qc7+ 100. Kg2 1/2-1/2

[Event "Druga liga Srbije- Grupa Vojvodina 2014"]
[Site "Kac, hotel "]
[Date "2014.11.15"]
[Round "11.5"]
[White "Vukic, Milan"]
[Black "Ratkovic, Miloje"]
[Result "1-0"]
[WhiteElo "2396"]
[BlackElo "2376"]
[PlyCount "179"]
[EventDate "2014.11.08"]

1. Nf3 d5 2. g3 c6 3. Bg2 Nf6 4. O-O Bg4 5. d4 e6 6. Nbd2 Be7 7. Re1 O-O 8. e4
dxe4 9. Nxe4 Nbd7 10. c3 Nxe4 11. Rxe4 Bh5 12. Qb3 Qb6 13. Re1 Rfd8 14. Nd2
Qxb3 15. axb3 Nb6 16. b4 a6 17. Nb3 Nd5 18. Na5 Rab8 19. Bd2 Bg6 20. Nb3 Bc2
21. Nc5 Bxc5 22. bxc5 Rd7 23. Bf1 Re8 24. Rac1 Bg6 25. Bh3 Nc7 26. f3 h6 27.
Bf4 Nb5 28. Bf1 f6 29. g4 Bf7 30. h4 Nc7 31. h5 e5 32. dxe5 Ne6 33. Be3 fxe5
34. Rcd1 Rde7 35. Kf2 Nf8 36. Rd6 Nh7 37. Bd3 Nf6 38. Bf5 Be6 39. Bg6 Rf8 40.
Kg3 Bd5 41. Rf1 Ne8 42. Rd8 Nf6 43. Rxf8+ Kxf8 44. Re1 Bf7 45. Bc2 Bd5 46. b3
Be6 47. c4 Bd7 48. Bd1 Be8 49. Be2 Kf7 50. Rd1 Rd7 51. Rxd7+ Bxd7 52. Bc1 Be6
53. Bd2 Nd7 54. Be3 Kf6 55. Bd3 Bf7 56. f4 exf4+ 57. Kxf4 Be6 58. Bd4+ Kf7 59.
Bg6+ Kf8 60. Bd3 Kf7 61. b4 Nf6 62. Be2 Bd7 63. Bf3 Be6 64. Be2 Bd7 65. g5
hxg5+ 66. Kxg5 Ne8 67. Be5 Be6 68. Bd3 Kf8 69. Bf1 Kf7 70. Be2 Kg8 71. Bc3 Kf7
72. Bd3 Kf8 73. Bf5 Bxf5 74. Kxf5 Kf7 75. Be5 Ke7 76. Bg3 Kf7 77. Bh4 Nc7 78.
Ke5 Ne6 79. Kd6 Nf4 80. Bg5 Ne6 81. Be3 Kf6 82. Kd7 Ke5 83. Bc1 a5 84. Bb2+ Kf5
85. bxa5 Nxc5+ 86. Kc8 Kg5 87. Bxg7 Kxh5 88. Bd4 Nb3 89. Bb6 Nd2 90. c5 1-0

[Event "Druga liga Srbije- Grupa Vojvodina 2014"]
[Site "Kac, hotel "]
[Date "2014.11.15"]
[Round "11.5"]
[White "Ratkovic, Milovan"]
[Black "Stupavski, Zdenko"]
[Result "1/2-1/2"]
[WhiteElo "2332"]
[BlackElo "2413"]
[PlyCount "61"]
[EventDate "2014.11.08"]

1. d4 d5 2. c4 Nc6 3. cxd5 Qxd5 4. e3 e5 5. Nc3 Bb4 6. Bd2 Bxc3 7. bxc3 Nf6 8.
c4 Qd6 9. d5 Ne7 10. Qb1 Nd7 11. Bd3 c6 12. Ne2 Nc5 13. O-O cxd5 14. Rd1 e4 15.
Bc2 Bg4 16. Qb5+ Qc6 17. Kf1 Qxb5 18. cxb5 Rc8 19. h3 Bxe2+ 20. Kxe2 Kd7 21.
Rac1 Ke6 22. Bc3 b6 23. f3 Nf5 24. g4 Nd6 25. Bxg7 Rhg8 26. Bb2 f5 27. fxe4
dxe4 28. Rg1 fxg4 29. Rxg4 Rxg4 30. hxg4 Rg8 31. Bd4 1/2-1/2

[Event "Druga liga Srbije- Grupa Vojvodina 2014"]
[Site "Kac, hotel "]
[Date "2014.11.15"]
[Round "11.5"]
[White "Elez, Nikola"]
[Black "Vucinic, Gojko"]
[Result "0-1"]
[WhiteElo "2168"]
[BlackElo "2296"]
[PlyCount "82"]
[EventDate "2014.11.08"]

1. e4 c5 2. b3 Nf6 3. e5 Nd5 4. Bb2 g6 5. Nc3 Nxc3 6. dxc3 Bg7 7. Qd5 Qc7 8.
Nf3 e6 9. Qe4 Nc6 10. c4 Qa5+ 11. Nd2 d6 12. f4 dxe5 13. fxe5 O-O 14. a3 Rd8
15. Bd3 Nd4 16. O-O-O Bd7 17. Nf3 Bc6 18. Qf4 Bxf3 19. gxf3 Qc7 20. Rhe1 Rd7
21. Qe4 Rad8 22. h4 h5 23. Kb1 Nf5 24. Qe2 Nd4 25. Qe4 a6 26. Bc1 Nc6 27. Bg5
Bxe5 28. Bxd8 Qxd8 29. Rg1 Qa5 30. Rxg6+ fxg6 31. Qxg6+ Kf8 32. f4 Bg7 33. Qxe6
Qxa3 34. Qf5+ Ke8 35. Re1+ Kd8 36. Qg5+ Kc7 37. Re5 Nxe5 38. fxe5 Qa5 39. Qg3
Kb6 40. Qe3 Re7 41. Qe4 Bxe5 0-1

[Event "Druga liga Srbije- Grupa Vojvodina 2014"]
[Site "Kac, hotel "]
[Date "2014.11.15"]
[Round "11.5"]
[White "Munizaba, Slobodan"]
[Black "Gavric, Zivojin"]
[Result "1-0"]
[WhiteElo "2335"]
[BlackElo "2104"]
[PlyCount "171"]
[EventDate "2014.11.08"]

1. Nf3 d5 2. c4 c6 3. e3 Nf6 4. Nc3 Qb6 5. Qc2 Nbd7 6. d4 e6 7. Bd2 g6 8. Bd3
Bg7 9. O-O O-O 10. Rab1 Re8 11. cxd5 exd5 12. b4 a6 13. a4 Qd8 14. Rfe1 Bf8 15.
Qb3 Nb6 16. h3 Be6 17. Ng5 Qd7 18. Nxe6 Qxe6 19. b5 axb5 20. axb5 Nc4 21. Bc1
Nd6 22. bxc6 bxc6 23. Ba3 Reb8 24. Qxb8 Rxb8 25. Rxb8 Nde8 26. Bxf8 Kxf8 27.
Na4 Qd6 28. Rb3 Nc7 29. Rc1 Ne6 30. Rbc3 Nd7 31. Rb3 Kg7 32. Bf1 h5 33. Nb6 Nf6
34. Rbc3 Nd8 35. Na4 g5 36. Nc5 g4 37. h4 g3 38. Be2 gxf2+ 39. Kxf2 Qh2 40. Bf3
Qxh4+ 41. Ke2 Qg5 42. Rf1 Ne8 43. Kf2 h4 44. Kg1 Nd6 45. Rd3 h3 46. e4 dxe4 47.
Nxe4 Nxe4 48. Bxe4 Ne6 49. Rxh3 Nxd4 50. Bd3 f5 51. Kh2 Kf6 52. Ra1 Ke5 53.
Ra5+ Kf4 54. Ra4 Ke5 55. Ra5+ Kd6 56. Ra1 Qf4+ 57. Kh1 Qg5 58. Rd1 c5 59. Bc4
Ke5 60. Re1+ Kd6 61. Rd1 Qg4 62. Rf1 Ke5 63. Re1+ Kf6 64. Rf1 Ke5 65. Re1+ Kd6
66. Rf1 Nc2 67. Bd3 Nd4 68. Bc4 Qg5 69. Ba6 Kd5 70. Bb7+ Kd6 71. Ba6 Kd5 72.
Bb7+ Kc4 73. Bf3 Ne6 74. Rh5 Qg6 75. Rxf5 Nd4 76. Rc1+ Kd3 77. Rfxc5 Qh6+ 78.
Kg1 Qe3+ 79. Kh2 Qf4+ 80. Kg1 Qg3 81. Rd1+ Ke3 82. Rc3+ Kf4 83. Rxd4+ Ke5 84.
Re4+ Kf6 85. Rc6+ Kf5 86. Rce6 1-0

[Event "Druga liga Srbije- Grupa Vojvodina 2014"]
[Site "Kac, hotel "]
[Date "2014.11.15"]
[Round "11.5"]
[White "Zobenica, Ivan"]
[Black "Orlov, Konstantin"]
[Result "1/2-1/2"]
[WhiteElo "2106"]
[BlackElo "2224"]
[PlyCount "84"]
[EventDate "2014.11.08"]

1. e4 c5 2. Nf3 d6 3. d4 cxd4 4. Nxd4 Nf6 5. Nc3 a6 6. Be2 Nc6 7. Be3 e6 8. O-O
Be7 9. a4 O-O 10. Qd2 Qc7 11. Nb3 b6 12. f4 Rd8 13. Bf3 Rb8 14. Qf2 Nb4 15.
Rad1 d5 16. e5 Nd7 17. Nd4 Nc5 18. Qg3 f5 19. Qf2 Ne4 20. Bxe4 dxe4 21. Rd2 Bc5
22. Rfd1 Bd7 23. h3 Nc6 24. Nxc6 Bxe3 25. Ne7+ Kf8 26. Qxe3 Kxe7 27. Qg3 Kf7
28. Qh4 Qc5+ 29. Kh2 Qe7 30. Qh5+ Kg8 31. Rd6 Be8 32. Qe2 b5 33. axb5 axb5 34.
Nxb5 Bxb5 35. Rxd8+ Rxd8 36. Rxd8+ Qxd8 37. Qxb5 h5 38. Qe2 h4 39. b4 Qd4 40.
Qh5 e3 41. Qe8+ Kh7 42. Qh5+ Kg8 1/2-1/2